000 01175cam a2200349 a 4500
001 78199
003 BD-RjUL
005 20211209083112.0
008 210412s20061378ir 001 p per d
020 _a9643306321
020 _a9789643306328
035 _a(BD-RjUL) 78425
040 _aWAU
_beng
_cWAU
_dDLC
_dOCLCA
_dDLC
041 _aeng
042 _alccopycat
_alcode
066 _c(3
_c(4
082 _223
_a891.51
_bKHD 2006
100 1 _aخليلي، خليل الله. ;; Khalīlī, Khalīl Allāh.
_9246932
245 1 0 _aديوان خليل الله خليلى ;; Dīvān-i Khalīl Allāh Khalīlī /
_cبه کوشش محمد کاظم کاظمى. ;; bih kūshish-i Muḥammad Kāẓim Kāẓimī.
250 _aChāp-i 1.
260 _aTihrān :
_bnasar erfan ,
_c1378 [2006]
300 _a517 p. ;
_c25 cm.
500 _aPoems.
500 _aIncludes indexes.
650 _aشعر فارسي
_9246933
650 _aPersian poetry
_9246934
700 1 _aKāẓimī, Muḥammad Kāẓim,
_d1967 or 1968-
_9246935
700 1 _aکاظمى، محمد کاظم.
_d1967-1968
_9246936
942 _2ddc
_cBK
999 _c78199
_d78199